00577nam a2200145Ia 4500008004100000082001700041100001400058245004700072260003800119300001000157650012100167942000900288952011500297999001900412211119s9999||||xx |||||||||||||| ||und|| a384.3bPRA-D aK, Pramod 0aDigital Cool: Life in the Age of New Media bOrient BlackswanaNew Delhic2012 aix+25 aSocial sciencesvCommerce, communications & transportation Communications; telecommunicationGeneraliaxGeneral stack cBOOK 00104070aSBCLbSBCLc2d2021-11-19g595.00l0o384.3 PRA-Dp00131033r2021-11-19 00:00:00w2021-11-19yBOOK c117551d117551